000 00438cam a2200181ua 4500
001 5010
005 20260515113825.0
008 120229n ii |||gr||||Z||||||eng
040 _cMAIN
082 _a823
100 _aAusten, Jane,
_eAuthor.,
245 1 1 _aPride and prejudice
_cby Jane Austen
250 _a1st.
260 _aLudhiana:
_bKalyani Publishers,
_c1993.
300 _a292p:
_c15cm.
653 _aEnglish fiction
942 _cBK
999 _c4190
_d4190